000 00588nam a2200193Ia 4500
003 GCL
008 140319s9999 xx 000 0 ara d
040 _aGCL /
_cGCL
082 0 4 _a702
_bس ن
100 1 _aسمير غريب
245 1 0 _aنقوش على زمن: صفحات من تاريخ الفن التشكيلى /
_cسمير غريب
300 _a355 ص
490 _aمكتبة الاسرة
_v0
650 0 4 _aالفنون الجميلة
650 0 4 _aالفن
650 0 4 _aالفنون التشكيلية
650 0 4 _aالفن العالمى - تاريخ
942 _2ddc
_cBK
999 _c50785
_d50785